Advances in econometrics : Fifth World Congress /

Bibliographic Details
Corporate Author: Econometric Society. World Congress
Other Authors: Bewley, Truman F. (Truman Fassett), 1941-
Format: Book
Language:English
Published: Cambridge ; New York : Cambridge University Press, 1987.
Series:Econometric Society monographs ; no.13-14.
Subjects:

MARC

Tag First Indicator Second Indicator Subfields
LEADER 00000cam a2200000 a 4500
001 in00000012778
005 20151007051911.0
008 880224s1987 enka 10000 eng d
010 |a gb 87031892   |z 87-5110 
015 |a GB87-31892 
020 |a 0521344301 (v.1) :  |c £27.50 
020 |a 0521345529 (v.2) :  |c £27.50 
020 |a 0521467268 (v.1 pbk) 
035 |a (OCoLC)16473445 
035 |9 AAA5354AM 
040 |a UKM  |c UKM  |d TXA  |d UtOrBLW 
049 |a TXAM  |v 2 [A11026105] 
050 1 0 |a HB139 
050 4 |a HB139  |b .A38 1987 
082 0 |a 330/.028  |2 19 
090 |a HB139  |b .E283 1987 
110 2 |a Econometric Society.  |b World Congress  |n (5th :  |d 1985 :  |c Cambridge, Mass.) 
245 1 0 |a Advances in econometrics :  |b Fifth World Congress /  |c edited by Truman F. Bewley. 
264 1 |a Cambridge ;  |a New York :  |b Cambridge University Press,  |c 1987. 
300 |a 2 volumes (viii, 313; viii, 259 pages) :  |b illustrations ;  |c 24 cm. 
336 |a text  |b txt  |2 rdacontent 
337 |a unmediated  |b n  |2 rdamedia 
338 |a volume  |b nc  |2 rdacarrier 
490 1 |a Econometric Society monographs ;  |v no.13-14 
500 |a "First paperback edition 1994"--Title page verso. 
504 |a Includes bibliographical references. 
650 0 |a Econometrics. 
653 |a Econometrics 
700 1 |a Bewley, Truman F.  |q (Truman Fassett),  |d 1941- 
830 0 |a Econometric Society monographs ;  |v no.13-14. 
999 |a MARS 
999 f f |s 715fe0ee-972b-32bd-a82a-3323539834a6  |i 9323d711-b362-309a-8c23-fb001477f882  |t 0 
952 f f |p normal  |a Texas A&M University  |b College Station  |c Sterling C. Evans Library  |d Evans: Library Stacks  |t 0  |e HB139 .E283 1987  |h Library of Congress classification  |i unmediated -- volume  |k v.1  |m A14812563891 
952 f f |p normal  |a Texas A&M University  |b College Station  |c Sterling C. Evans Library  |d Evans: Library Stacks  |t 0  |e HB139 .E283 1987  |h Library of Congress classification  |i unmediated -- volume  |k v.2  |m A14811026105 
998 f f |a HB139 .E283 1987  |s v.1-v.2  |t 0  |l Evans: Library Stacks